000 04206cam a22005654i 4500
003 PE-LiUPU
005 20250731180132.0
008 150625s1993 mx a r 001 0 spa d
020 _a9706250654
035 _a(Sirsi) i9789706250650
040 _aPE-LiUPU
_bspa
_cPE-LiUPU
_erda
049 _aPRUA
082 0 4 _a512.12
_bS98
_221
100 1 _aSwokowski, Earl W.,
_eautor.
245 1 0 _aÁlgebra y Trigonometría con Geometría analítica /
_cEarl W. Swokowski.
250 _aTercera edición.
264 1 _aMéxico :
_bGrupo Editorial Iberoaméricana,
_c1993.
300 _a835 páginas :
_bilustraciones, diagrs ;
_c24 centímetros
336 _atext
_2rdacontent
337 _aunmediated
_2rdamedia
338 _avolume
_2rdacarrier
504 _aÍndice : páginas 829-836.
505 0 _aConceptos fundamentales -- Números reales -- Exponentes y radicales -- Expresiones algebraicas -- Expresiones fraccionarias -- Ecuaciones y desigualdades -- Ecuaciones -- Problemas de aplicación -- Ecuaciones cuadráticas -- Números complejos -- Otros tipos de ecuaciones -- Desigualdades -- Algo más sobre desigualdades -- Funciones y gráficas -- Sistemas de coordenadas rectangulares -- Gráficas de ecuaciones -- Rectas -- Definición de función -- Gráficas de funciones -- Funciones cuadráticas -- Operaciones con funciones -- Funciones inversas -- Variación -- Funciones polinomiales y racionales -- Gráficas de funciones polinomiales de grado mayor que 2 -- Propiedades de la división -- Ceros de polinomios -- Ceros complejos y racionales de polinomios -- Funciones racionales -- Funciones exponenciales y logarítmicas -- Funciones exponenciales -- La función exponencial natural -- Funciones logarítmicas -- Propiedades de los logaritmos -- Ecuaciones exponenciales y logarítmicas -- Funciones trigonométricas -- Ángulos -- Funciones trigonométricas de ángulos agudos -- Aplicaciones donde intervienen triángulos rectángulos -- Funciones trigonométricas de un ángulo cualquiera -- Gráficas trigonométricas generalizadas -- Otras gráficas trigonométricas -- Movimiento armónico -- Trigonometría analítica -- Verificación de las identidades trigonométricas -- Fórmulas de adición y sustración -- Fórmulas para ángulos múltiples -- Fórmulas de producto a suma y de suma a producto -- Funciones trigonométricas inversas -- Aplicaciones de la trigonometría -- Ley de los senos -- Ley de los cosenos -- Forma trigonométrica de los números complejos -- Teorema de de moivre -- Vectores y cantidades vectoriales -- El producto escalar (o producto punto) -- Sistemas de ecuaciones y desigualdades -- Sistemas de ecuaciones -- Sistemas de ecuaciones lineales en dos variables -- Sistemas de ecuaciones lineales en más de dos variables -- Fracciones parciales -- Sistemas de desigualdades -- Programación lineal -- Álgebra de matrices -- Inversa de una matriz -- Determinantes -- Propiedades de los determinantes -- Sucesiones, series y probabilidad -- Sucesiones infinitas y notación de sumatoria -- Sucesiones aritméticas -- Sucesiones geométricas -- Inducción matemática -- Teorema del binomio -- Permutaciones -- Permutaciones distinguibles y combinaciones -- Probabilidad.
526 _aSEG44
526 _aSEG26
526 _aP159
526 _aP155
526 _aP154
526 _aP153
526 _aP150
526 _aP100
526 _aP31
526 _aP30
526 _aP26
526 _aP25
526 _aP24
526 _aP22
526 _aP15
526 _aP10
650 1 4 _aÁlgebra.
_920
650 2 4 _aGeometría.
650 2 4 _aTrigonometría.
910 _agl20060322
942 _2ddc
_cBOOK
949 _a512.12 S98
_wDEWEY
_c1
_i56179
_d2016-9-9
_e2016-9-7
_lCCODEBUL1
_mBUL
_n1
_p25.00
_r0
_sY
_tBOOK
_u2015-6-25
_xINGENIERIA
_zUNKNOWN
_0COMPRA
_o.STAFF. Colección Ingeniería y Arquitectura
994 _aC0
_bPEPRU
596 _a1
999 _a512.12 S98
_wDEWEY
_c45428
_i56179
_d45428
_e2016-9-7
_f2021-11-9
_g7
_lCCODEBUL1
_mBUL
_n1
_p25.00
_q1
_r0
_sY
_tBOOK
_u2015-6-25
_xINGENIERIA
_PP25
_0COMPRA
_o.STAFF. Colección Ingeniería y Arquitectura
980 _81
_gALBERTO SANCHEZ Responsable de Automatización